| 000 | 01272cam a22003134a 4500 | ||
|---|---|---|---|
| 999 |
_c27199 _d27199 |
||
| 001 | 15214355 | ||
| 005 | 20170207153323.0 | ||
| 008 | 080311s2008 moua 000 0 eng | ||
| 010 | _a 2008924737 | ||
| 020 | _a9780740777509 | ||
| 020 | _a0740777505 | ||
| 040 |
_aDLC _cDLC _dDLC |
||
| 043 | _an-us--- | ||
| 050 | 0 | 0 |
_aNC1428 _b .N47N49 2008 |
| 245 | 0 | 4 | _aThe New Yorker cartoon caption contest book. |
| 250 | _a1st ed. | ||
| 260 |
_aKansas City, Mo. : _bAndrews McMeel Pub., LLC, _cc2008. |
||
| 300 |
_a202 p. : _bchiefly ill. ; _c21 x 26 cm. |
||
| 630 | 0 | 0 | _aNew Yorker (New York, N.Y. : 1925) |
| 650 | 0 | _aAmerican wit and humor, Pictorial. | |
| 650 | 0 |
_aCartoon captions _xCompetitions _zUnited States. |
|
| 730 | 0 | _aNew Yorker (New York, N.Y. : 1925) | |
| 856 | 4 | 2 |
_3Contributor biographical information _uhttp://www.loc.gov/catdir/enhancements/fy0833/2008924737-b.html |
| 856 | 4 | 2 |
_3Publisher description _uhttp://www.loc.gov/catdir/enhancements/fy0833/2008924737-d.html |
| 942 |
_2lcc _cBOOKS _hNC1428 .N47N49 2008 |
||